| 000 | 00784cab a2200241 4500 | ||
|---|---|---|---|
| 001 | ABS53695 | ||
| 008 | 090401t1995 xxu||||| |||| 00| 0 eng d | ||
| 035 | _a(Sirsi) u5986 | ||
| 041 | _aeng | ||
| 100 | _aBoniface, S. | ||
| 245 | 4 | _aThe future of thatch | |
| 260 | _c1995 | ||
| 350 | _a0 | ||
| 490 |
_aBuilding Conservation Newsletter _v(12) Summer 1995, 9-12(4) |
||
| 520 | _aReviews the historical background and modern development of thatch. Reports on initial results of research commissioned by English Heritage into the performance and future of thatch. | ||
| 650 | _aBUILDING CONSERVATION | ||
| 650 | _aROOF COVERINGS | ||
| 650 | _aTHATCHED ROOFS | ||
| 690 | _aBUILT ENVIRONMENT-BUILDING MATERIALS | ||
| 690 | _aCONSERVATION | ||
| 942 | _n0 | ||
| 948 | _c04/03/1997 | ||
| 999 |
_c3586 _d3586 |
||